000 00785 a2200241 4500
005 20260406104436.0
008 260406b |||||||| |||| 00| 0 eng d
020 _a978-93-91520-19-9
037 _cTB
040 _aCRL
_cCRL
041 _2eng
_aeng
084 _aV49M:19.P1 R4
_qCRL
100 _aSainya, Vaibhav
_91114079
245 _aChanging security paradigm in West Asia:
_bregional and international responses
260 _aDelhi, India:
_bPrashant Publishing House,
_c2024.
300 _a244p.
365 _b1650
_cINR
650 _aWest Asia-Foreign Relations
_91234089
650 _aWest Asia-History
_91234090
650 _aHistory
942 _cTB
_2CC
_hV49M:19.P1 R4
999 _c1678760
_d1678760